000 00821nas a2200277 4500
001 BR9507723
003 BR-BrBNA
005 20231205095442.0
007 ta
008 230509b bl.|||p| |||| 00| 00por d
040 _aBR-BrBNA
_bpor
_cBiblioteca Nacional de Agricultura
041 _a(Pt)
072 _aF50
100 1 _aBastos, E. de O.
100 1 _aPerazzolo, M.
100 1 _aGorgen, A.U.G.
245 1 _aOcorrencia e estrutura de glandula de sal em especies halofitas no municipio do Rio Grande - RS
650 _aAlga
650 _aGlandula
650 _aSal
650 _aAnatomia Vegetal
650 _aRio Grande do Sul
773 0 _tIheringia. Serie Botanica (Brazil)
_xISSN 0073-4705
_g(Jun 1993), v. 43 p. 3-14
_wBR9507723
909 _a202311
_bLúcia
_c55
_dLúcia Elande
942 _2AGRIS
_n0
_cANA
999 _c150764
_d150764